Les Dones i les filosofies : gènere i pensament occidental / Conxa Llinàs, Anna Masó, M. José Sánchez gènere i pensament occidental / Conxa Llinàs, Anna Masó, M. José Sánchez
ISBN:
84-7794-887-9
Descripción Física:
183 p. : il. ; 24 cm
Colección:
Col·lecció D+i ; 4
Materias:
Dones i filosofia -- Reculls d'escrits
MARC
| LEADER | 00000nam a2200000Ia 4500 | ||
|---|---|---|---|
| 001 | 14434 | ||
| 008 | 160829s2002 xx 000 0 cat d | ||
| 020 | |a 84-7794-887-9 | ||
| 080 | |a F-1-67 | ||
| 100 | |a Llinàs, Conxa |9 25822 | ||
| 245 | |a Les Dones i les filosofies : |b gènere i pensament occidental / Conxa Llinàs, Anna Masó, M. José Sánchez | ||
| 260 | |a [Barcelona] : |b Diputació de Barcelona, Xarxa de Municipis, |c 2002 | ||
| 300 | |a 183 p. : |b il. ; |c 24 cm | ||
| 490 | |a Col·lecció D+i ; 4 | ||
| 590 | |a Bibliografia. | ||
| 590 | |a Conté textos d'autores des de la Grècia clàssica fins a l'època contemporània | ||
| 650 | |a Dones i filosofia |x Reculls d'escrits |9 25823 | ||
| 700 | |a Masó Monclús, Anna |9 25824 | ||
| 700 | |a Sánchez, M. José |9 25825 | ||
| 901 | |a Arxiu | ||
| 942 | |n 1 | ||
| 952 | |0 0 |1 0 |4 0 |6 F167 |7 1 |9 43807 |a Arxiu |b Arxiu |d 2016-12-01 |l 0 |o F-1-67 |p 14434 |r 2016-12-01 00:00:00 |w 2016-12-01 |y ARXIU | ||
| 999 | |c 46356 |d 46356 | ||